Catálogo
 En Linea

La doble muerte de un radical de ahora : novela corta documental ; (Registro nro. 12767)

Detalles MARC
000 -CABECERA
campo de control de longitud fija 01138nam a2200289 a 4500
001 - NÚMERO DE CONTROL
campo de control 000013125
003 - IDENTIFICADOR DEL NÚMERO DE CONTROL
campo de control DO-SdBNP
005 - FECHA Y HORA DE LA ÚLTIMA TRANSACCIÓN
campo de control 20240530073916.0
008 - DATOS DE LONGITUD FIJA--INFORMACIÓN GENERAL
campo de control de longitud fija 091120s1979 dr 000 f spa d
040 ## - FUENTE DE LA CATALOGACIÓN
Centro catalogador/agencia de origen DO-SdBNP
Lengua de catalogación spa
Centro/agencia transcriptor BNPHU
082 #4 - NÚMERO DE LA CLASIFICACIÓN DECIMAL DEWEY
Número de clasificación RD863.44
Número de documento/Ítem T178d
Número de edición 22
100 1# - ENTRADA PRINCIPAL--NOMBRE DE PERSONA
Nombre de persona Tarazona, Enrique
Fechas asociadas al nombre 1944-
9 (RLIN) 30239
245 13 - MENCIÓN DE TÍTULO
Título La doble muerte de un radical de ahora : novela corta documental ;
Resto del título El homo de las imagenes /
Mención de responsabilidad, etc. Enrique Tarazona.
246 04 - FORMA VARIANTE DE TÍTULO
Título propio/Titulo breve Dos novelas cortas :
Resto del título El homo de las imagenes ; y , Doble muerte de un radical de ahora
260 ## - PUBLICACIÓN, DISTRIBUCIÓN, ETC.
Lugar de publicación, distribución, etc. Santo Domingo :
Nombre del editor, distribuidor, etc. Alfa & Omega,
Fecha de publicación, distribución, etc. 1979.
300 ## - DESCRIPCIÓN FÍSICA
Extensión 99 p. :
Otras características físicas il. ;
Dimensiones 21 cm.
500 ## - NOTA GENERAL
Nota general Incluye datos biográficos del autor en la contracubieta
501 ## - NOTA DE "CON"
Nota de “Con” Publicado con : El homo de las imagenes
563 ## - NOTA DE ENCUADERNACIÓN
Nota de encuadernación Dos obras encuardenadas juntas con paginación contínua
590 ## - NOTA LOCAL (RLIN)
Nota local Inventariado, 2019/VM
650 #0 - PUNTO DE ACCESO ADICIONAL DE MATERIA--TÉRMINO DE MATERIA
Término de materia o nombre geográfico como elemento de entrada Novela dominicana
9 (RLIN) 223
650 #0 - PUNTO DE ACCESO ADICIONAL DE MATERIA--TÉRMINO DE MATERIA
Término de materia o nombre geográfico como elemento de entrada Literatura dominicana.
9 (RLIN) 67
700 12 - PUNTO DE ACCESO ADICIONAL--NOMBRE DE PERSONA
Nombre de persona Tarazona, Enrique.
Fechas asociadas al nombre 1944-
Título de la obra El homo de las imagenes
9 (RLIN) 30240
740 02 - PUNTO DE ACCESO ADICIONAL--TÍTULO RELACIONADO O ANALÍTICO NO CONTROLADO
Título relacionado o analítico no controlado El homo de las imagenes
910 ## - DATOS DE OPCIÓN DEL USUARIO (OCLC)
Datos de opción del usuario Validado. Control de calidad MFF
942 ## - ELEMENTOS DE PUNTO DE ACCESO ADICIONAL (KOHA)
Fuente del sistema de clasificación o colocación Dewey Decimal Classification
Tipo de ítem Koha Libro
Existencias
Estado de retiro Estado de pérdida Restricciones de uso No para préstamo Código de colección Localización permanente Ubicación/localización actual Ubicación en estantería Fecha de adquisición Número de inventario Total de préstamos Signatura topográfica completa Código de barras Fecha visto por última vez Número de copia Precio válido a partir de Tipo de ítem Koha Fuente del sistema de clasificación o colocación
        Dominicana de Servicio General General Depósito 20.11.2009 LF1   RD863.44 T178d 13125-30 25.06.2020 e. 3 25.06.2020 Libro y Folleto Colección Dominicana de Servicio  
        Dominicana de Servicio General General Depósito 20.11.2009 LF1   RD863.44 T178d 13125-40 25.06.2020 e. 4 25.06.2020 Libro y Folleto Colección Dominicana de Servicio  
        Dominicana de Servicio General General Depósito 20.11.2009 LF1   RD863.44 T178d 13125-50 25.06.2020 e. 5 25.06.2020 Libro y Folleto Colección Dominicana de Servicio  
    Excluido de préstamo Excluido de préstamo Patrimonio Dominicano Biblioteca Nacional Pedro Henríquez Ureña Patrimonio Dominicano Depósito 20.11.2009     BNPHU PD RD863.44 T178d 13125-10 25.06.2020   25.06.2020 Libro y Folleto Colección Patrimonio Dominicano Dewey Decimal Classification
    Préstamo restringido Préstamo restrigido Patrimonio Dominicano Biblioteca Nacional Pedro Henríquez Ureña Patrimonio Dominicano Depósito 20.11.2009     BNPHU PD RD863.44 T178d 13125-20 25.06.2020 e.2 25.06.2020 Libro y Folleto Colección Patrimonio Dominicano Dewey Decimal Classification

Con tecnología Koha